000 00333pam a2200145 a 4500
020 _c
041 _h
082 _a741.6
_bHEL
100 _aHeller Steven.
245 _aGraphic Design USA 19
_hTextual Documents
250 _a1999.
260 _aAmerica:
_bAmerican Institute of Graphic Arts.
300 _aH/320.
930 _a374
999 _c234164
_d234164